Hướng dẫn giảng dạy thể dục thể thao trường phổ thông cấp 3
Một vài vấn đề trong công tác giáo dục thể dục thể thao ở trường phổ thông; Phương pháp, nguyên tắc và kế hoạch giảng dạy; Các bài lý thuyết; Các thể loại thể dục dụng cụ, điền kinh, bơi ếch
Na minha lista:
| Formato: | Livro |
|---|---|
| Idioma: | Vietnamese |
| Publicado em: |
H.
Thể dục thể thao
1977
|
| Edição: | In lần 3 có sửa chữa và bổ sung |
| Assuntos: | |
| Tags: |
Adicionar Tag
Sem tags, seja o primeiro a adicionar uma tag!
|
| Thư viện lưu trữ: | Mạng thư viện Đại học Đà Nẵng |
|---|
| LEADER | 01414nam a22003498a 4500 | ||
|---|---|---|---|
| 001 | 000009551 | ||
| 003 | 5748 | ||
| 005 | 20111028151051.0 | ||
| 008 | 111028s1977 b 000 0 vieod | ||
| 020 | |c 6500đ |d 5000b | ||
| 041 | 0 | |a vie | |
| 082 | |a 796.0712 |b Tai | ||
| 084 | |a U426 |b H561D | ||
| 245 | 1 | 0 | |a Hướng dẫn giảng dạy thể dục thể thao trường phổ thông cấp 3 |
| 250 | |a In lần 3 có sửa chữa và bổ sung | ||
| 260 | |a H. |b Thể dục thể thao |c 1977 | ||
| 300 | |a 602tr |b minh hoạ |c 19cm | ||
| 520 | |a Một vài vấn đề trong công tác giáo dục thể dục thể thao ở trường phổ thông; Phương pháp, nguyên tắc và kế hoạch giảng dạy; Các bài lý thuyết; Các thể loại thể dục dụng cụ, điền kinh, bơi ếch | ||
| 653 | |a cấp 3 | ||
| 653 | |a Thể dục thể thao | ||
| 653 | |a trường phổ thông | ||
| 910 | |a Nguyễn Thị Kim Oanh |d 28/10/2011 | ||
| OWN | |a LSP | ||
| AVA | |a UDN50 |b LSP |d 796.0712 Tai |e unavailable |t Error 5002 Not defined in file expand_doc_bib_avail. |f 1 |g 1 |h N |i 0 |k 1 | ||
| 999 | |a From the UDN01 | ||
| AVA | |a UDN50 |b LSP |d 796.0712 Tai |e unavailable |t Error 5002 Not defined in file expand_doc_bib_avail. |f 1 |g 1 |h N |i 0 |k 1 | ||
| TYP | |a Monograph | ||
| TYP | |a Printed language | ||
| 980 | |a Mạng thư viện Đại học Đà Nẵng | ||